Aspects intérieurs de l'Islam /
المؤلف الرئيسي:
التنسيق: كتاب
اللغة: French
منشور في:
Paris :
Éditions du Seuil,
[c1949].
الطبعة: 2nd ed.
سلاسل:
La sphere et la croix.
الموضوعات:
الوسوم: إضافة وسم
رقم الطلب: BP165 .A3 1949
| LEADER | 00782nam a2200253I 4500 | ||
|---|---|---|---|
| 001 | 8645 | ||
| 003 | OSt | ||
| 005 | 20250925082411.0 | ||
| 008 | 130303s1949 fr b 000 0 fre d | ||
| 035 | |a ocm00951383 | ||
| 040 | |c ARCE Library | ||
| 050 | 4 | |a BP165 .A3 1949 | |
| 100 | 1 | |a Abd-el-Jalil, Jean Mohammed, |d 1904-1979, |e author | |
| 245 | 1 | 0 | |a Aspects intérieurs de l'Islam / |c Jean Mohammed Abd-el-Jalil. |
| 250 | |a 2nd ed. | ||
| 264 | 1 | |a Paris : |b Éditions du Seuil, |c [c1949]. | |
| 300 | |a 235 pages ; |c 19 cm. | ||
| 490 | 0 | |a La sphere et la croix. | |
| 504 | |a Bibliography : pages 201 ; bibliographical references included in "Notes" : pages 202-235. | ||
| 650 | 0 | |a Islam. | |
| 650 | 0 | |a Islam |x Relations |x Christianity. | |
| 901 | |a reviewed | ||
| 942 | |c BK |2 lcc | ||
| 999 | |c 4126 |d 4126 | ||
